000 00930nam a2200253Ia 4500
003 OSt
005 20220923224632.0
006 a|||||r|||| 00| 0
007 ta
008 220922b |||||||| |||| 00| 0 hin d
024 _a248,493
037 _cTextual
040 _aARTS
_cARTS
_bhin
041 _2hin
_ahin
082 _aO142,3N19,1, 152L3.1-.2
100 _aसोलनिस्तीन, अलेक्जैण्डर; गौड, रमेश, अनु.
_9168175
245 0 _aकैन्सर वार्ड
246 _aKainsar vārḍa
260 _aदिल्ली
_b नेशनल अकादमी
_c1973
300 _a366पृ.
_ccm.
650 _aरशियन साहित्य
942 _hO142,3N19,1, 152L3.1-.2
_cTEXL
_2CC
999 _c372674
_d372674